<?xml version="1.0" encoding="UTF-8"?>
<record
    xmlns:xsi="http://www.w3.org/2001/XMLSchema-instance"
    xsi:schemaLocation="http://www.loc.gov/MARC21/slim http://www.loc.gov/standards/marcxml/schema/MARC21slim.xsd"
    xmlns="http://www.loc.gov/MARC21/slim">

  <leader>00406nam a22001217a 4500</leader>
  <datafield tag="040" ind1=" " ind2=" ">
    <subfield code="c">RUA</subfield>
  </datafield>
  <datafield tag="082" ind1=" " ind2=" ">
    <subfield code="a">92 KOE 2025 A126 Or.</subfield>
  </datafield>
  <datafield tag="100" ind1=" " ind2=" ">
    <subfield code="a">&#x1782;&#x17B9;&#x1798; &#x1785;&#x17B6;&#x1793;&#x17CB;&#x178E;&#x17B6;</subfield>
  </datafield>
  <datafield tag="245" ind1=" " ind2=" ">
    <subfield code="a">How to stop worrying and start living,&#x1799;&#x1780;&#x1788;&#x17D2;&#x1793;&#x17C7;&#x1780;&#x17D2;&#x178F;&#x17B8;&#x1791;&#x17BB;&#x1780;&#x17D2;&#x1781;&#x179F;&#x17B6;&#x1784;&#x1787;&#x17B8;&#x179C;&#x17B7;&#x178F;&#x179F;&#x17D2;&#x179A;&#x179F;&#x17CB;&#x1794;&#x17C6;&#x1796;&#x17D2;&#x179A;&#x1784;</subfield>
  </datafield>
  <datafield tag="260" ind1=" " ind2=" ">
    <subfield code="a">phnom penh</subfield>
    <subfield code="b">rua</subfield>
    <subfield code="c">2025</subfield>
  </datafield>
  <datafield tag="300" ind1=" " ind2=" ">
    <subfield code="a">385p.</subfield>
    <subfield code="b">ill.</subfield>
    <subfield code="c">20cm.</subfield>
  </datafield>
  <datafield tag="942" ind1=" " ind2=" ">
    <subfield code="c">KB</subfield>
  </datafield>
  <datafield tag="999" ind1=" " ind2=" ">
    <subfield code="c">24013</subfield>
    <subfield code="d">24013</subfield>
  </datafield>
  <datafield tag="952" ind1=" " ind2=" ">
    <subfield code="0">0</subfield>
    <subfield code="1">0</subfield>
    <subfield code="4">0</subfield>
    <subfield code="6">92_000000000000000_KOE_2025_A126_OR</subfield>
    <subfield code="7">0</subfield>
    <subfield code="9">102395</subfield>
    <subfield code="a">LBA</subfield>
    <subfield code="b">LBA</subfield>
    <subfield code="c">A126</subfield>
    <subfield code="d">2025-01-24</subfield>
    <subfield code="l">3</subfield>
    <subfield code="o">92 KOE 2025 A126 Or.</subfield>
    <subfield code="p">A080438</subfield>
    <subfield code="r">2025-07-03</subfield>
    <subfield code="s">2025-06-20</subfield>
    <subfield code="w">2025-01-24</subfield>
    <subfield code="y">KB</subfield>
  </datafield>
  <datafield tag="952" ind1=" " ind2=" ">
    <subfield code="0">0</subfield>
    <subfield code="1">0</subfield>
    <subfield code="4">0</subfield>
    <subfield code="6">92_000000000000000_KOE_2025_A126_OR</subfield>
    <subfield code="7">0</subfield>
    <subfield code="9">102396</subfield>
    <subfield code="a">LBA</subfield>
    <subfield code="b">LBA</subfield>
    <subfield code="c">A126</subfield>
    <subfield code="d">2025-01-24</subfield>
    <subfield code="o">92 KOE 2025 A126 Or.</subfield>
    <subfield code="p">A080466</subfield>
    <subfield code="r">2025-01-24</subfield>
    <subfield code="w">2025-01-24</subfield>
    <subfield code="y">KB</subfield>
  </datafield>
  <datafield tag="952" ind1=" " ind2=" ">
    <subfield code="0">0</subfield>
    <subfield code="1">0</subfield>
    <subfield code="4">0</subfield>
    <subfield code="6">92_000000000000000_KOE_2025_A126_OR</subfield>
    <subfield code="7">0</subfield>
    <subfield code="9">102401</subfield>
    <subfield code="a">LBA</subfield>
    <subfield code="b">LBA</subfield>
    <subfield code="c">A126</subfield>
    <subfield code="d">2025-01-24</subfield>
    <subfield code="l">1</subfield>
    <subfield code="m">1</subfield>
    <subfield code="o">92 KOE 2025 A126 Or.</subfield>
    <subfield code="p">A080526</subfield>
    <subfield code="r">2025-03-10</subfield>
    <subfield code="s">2025-02-24</subfield>
    <subfield code="w">2025-01-24</subfield>
    <subfield code="y">KB</subfield>
  </datafield>
  <datafield tag="952" ind1=" " ind2=" ">
    <subfield code="0">0</subfield>
    <subfield code="1">0</subfield>
    <subfield code="4">0</subfield>
    <subfield code="6">92_000000000000000_KOE_2025_A126_OR_4</subfield>
    <subfield code="7">0</subfield>
    <subfield code="9">103399</subfield>
    <subfield code="a">LBA</subfield>
    <subfield code="b">LBA</subfield>
    <subfield code="d">2025-02-26</subfield>
    <subfield code="o">92 KOE 2025 A126 Or.4</subfield>
    <subfield code="p">A082541</subfield>
    <subfield code="r">2025-02-26</subfield>
    <subfield code="y">KB</subfield>
  </datafield>
  <datafield tag="952" ind1=" " ind2=" ">
    <subfield code="0">0</subfield>
    <subfield code="1">0</subfield>
    <subfield code="4">0</subfield>
    <subfield code="6">92_000000000000000_KOE_2025_A126_OR_5</subfield>
    <subfield code="7">0</subfield>
    <subfield code="9">103400</subfield>
    <subfield code="a">LBA</subfield>
    <subfield code="b">LBA</subfield>
    <subfield code="d">2025-02-26</subfield>
    <subfield code="o">92 KOE 2025 A126 Or.5</subfield>
    <subfield code="p">A082928</subfield>
    <subfield code="r">2025-02-26</subfield>
    <subfield code="y">KB</subfield>
  </datafield>
  <datafield tag="952" ind1=" " ind2=" ">
    <subfield code="0">0</subfield>
    <subfield code="1">0</subfield>
    <subfield code="4">0</subfield>
    <subfield code="6">92_000000000000000_KOE_2025_A126_OR_6</subfield>
    <subfield code="7">0</subfield>
    <subfield code="9">103401</subfield>
    <subfield code="a">LBA</subfield>
    <subfield code="b">LBA</subfield>
    <subfield code="d">2025-02-26</subfield>
    <subfield code="o">92 KOE 2025 A126 Or.6</subfield>
    <subfield code="p">A082543</subfield>
    <subfield code="r">2025-02-26</subfield>
    <subfield code="y">KB</subfield>
  </datafield>
  <datafield tag="952" ind1=" " ind2=" ">
    <subfield code="0">0</subfield>
    <subfield code="1">0</subfield>
    <subfield code="4">0</subfield>
    <subfield code="6">92_000000000000000_KOE_2025_A126_OR_7</subfield>
    <subfield code="7">0</subfield>
    <subfield code="9">103402</subfield>
    <subfield code="a">LBA</subfield>
    <subfield code="b">LBA</subfield>
    <subfield code="d">2025-02-26</subfield>
    <subfield code="l">3</subfield>
    <subfield code="o">92 KOE 2025 A126 Or.7</subfield>
    <subfield code="p">A082944</subfield>
    <subfield code="r">2025-12-04</subfield>
    <subfield code="s">2025-11-12</subfield>
    <subfield code="y">KB</subfield>
  </datafield>
</record>
